Follow That Line: The Room Quiz Stats

 Plays Quiz not verified by Sporcle

Challenge
Share
Tweet
Embed
Score 0/29 Timer 08:00
0 Plays Today
% Correct
-Here you go. Keep the change. Hi, doggy!
94.5%
I definitely have breast cancer.
93.7%
-I already ordered a pizza.
92.6%
-I just like to watch you guys.
90.2%
I did NAAHT. Oh hi, Mark!
89.6%
You invited all my friends! Good thinking!
89.1%
Love is blind.
88.6%
Is he dead?
88.3%
-Absolutely. 8:00?
88.1%
-Ha ha ha. What a story, Mark.
87.8%
-Wow, you look great. You look a... baby face.
85%
-Johnny doesn't drink!
83.6%
-No, I can't. Anyway, how is your sex life?
82.2%
-It seems to me that you are expert, Mark.
79.4%
-Oh, hi, Johnny. I didn't know it was you.
79.4%
% Correct
They tricked me, and I don't care anymore.
79.4%
You are tearing me APART, Lisa!
79.3%
-You didn't get it, did you?
74.3%
I'm fed up with this world!
74.1%
-In a few minutes, bitch.
68.9%
-You betrayed me! You're not good. You, you're just a chicken. Cheep-cheep-cheep-cheep-cheep-cheep.
67.1%
-Let's go eat, HAAUGH?
62.1%
-Go on...
58.9%
That's a promise.
55.7%
What do you think I should do?
55.5%
-WHAT!?
55%
Leave your stupid comments in your pocket!
52.7%
-That's me!
51.3%
-Sh*t, alright!
32.4%

You're not logged in!

Compare scores with friends on all Sporcle quizzes.
Join for Free
OR
Log In

You Might Also Like...

Show Comments

Extras

Curator's Pick Apr 15, 2013SourceReportNominate
Tags:Follow That Line Quiz, The Room

Top Quizzes Today


Score Distribution

Your Account Isn't Verified!

In order to create a playlist on Sporcle, you need to verify the email address you used during registration. Go to your Sporcle Settings to finish the process.

Report this User

Report this user for behavior that violates our Community Guidelines.

Details: